LIBRARY & INFORMATION CENTRE, KCAET, TAVANUR

ONLINE PUBLIC ACCESS CATALOGUE (OPAC)

Textbook of communication skills (Record no. 14095)

MARC details
000 -LEADER
fixed length control field 00385nam a22001457a 4500
020 ## - INTERNATIONAL STANDARD BOOK NUMBER
ISBN 9788183213370
082 ## - DEWEY DECIMAL CLASSIFICATION NUMBER
Classification number 372.6
Item number DAN/TE
100 ## - MAIN ENTRY--AUTHOR NAME
Personal name Dangi, K.L
245 ## - TITLE STATEMENT
Title Textbook of communication skills
260 ## - PUBLICATION, DISTRIBUTION, ETC. (IMPRINT)
Place of publication Udaipur
Name of publisher Agrotech Publishing Academy
Year of publication 2014
700 ## - ADDED ENTRY--PERSONAL NAME
Personal name Sisodia, S.S
700 ## - ADDED ENTRY--PERSONAL NAME
Personal name Chauhan, Pravesh Singh
700 ## - ADDED ENTRY--PERSONAL NAME
Personal name Ranawat, Yogita
942 ## - ADDED ENTRY ELEMENTS (KOHA)
Koha item type Books
Holdings
Withdrawn status Lost status Damaged status Collection code Home library Current library Shelving location Date acquired Cost, normal purchase price Full call number Accession Number Koha item type
        KAUAET KAUAET General Stacks 31/03/2014 2500.00 372.6 DAN/TE 24463 Books
        KAUAET KAUAET General Stacks 31/03/2014 2500.00 372.6 DAN/TE 24464 Books
        KAUAET KAUAET General Stacks 31/03/2014 2500.00 372.6 DAN/TE 24465 Books
free website counter